000 00217nam a22001097a 4500
082 _a923.2 FOO'F
100 _aFOOT
_957765
245 _aFOOT PRINT
260 _aLAHORE
_bMARRIY
_c1967
300 _a181P
942 _cBK
999 _c568024
_d568024